000 004730000a22001810004500
003 MACL
005 20150801155724.0
008 150801b xxu||||| |||| 00| 0 eng d
040 _aMACL
_cMACL
041 _aEanglish
082 _a363
100 _aRajamanickam, Dr M
_94161
245 _aPshchollogical Perspective of HIV & AIDS
260 _bConcept Publishing
_c2006
_aNew Delhi
350 _a250
650 _aSocial Problems & Servieces
_93825
942 _cBK
_k363
_2ddc
999 _c8373
_d8373